000 00358nam a2200157Ia 4500
008 100204s9999 xx 000 0 und d
082 _b28681
100 _aगाडे सोपान
245 _aसाहेब
250 _a0
260 _c2007-2
300 _a220
630 _aसाहेब
730 _aसाहेब
942 _cBOOK
999 _c473848
_d473845